[Event "Gibraltar Challengers B 2020"]
[Site "Caleta"]
[Date "2020.01.29"]
[Round "5.17"]
[White "Levay, Sorin"]
[Black "Gonzalvez Perales, Jose Luis"]
[Result "1-0"]
[WhiteElo "2192"]
[BlackElo "1992"]
[Annotator "TA"]
[PlyCount "45"]
[EventDate "2020.01.20"]
[EventType "swiss"]
[EventCountry "GGB"]
[SourceTitle "playchess.com"]
[Source "ChessBase"]
[SourceQuality "1"]

{[%evp 9,45,12,25,0,6,26,0,14,81,83,67,75,95,91,97,81,112,37,60,22,51,38,45,37,48,43,279,273,281,254,270,179,29991,29992,29994,29990,29994,29995]} 1. e4 c6 2. d4 d5 3. e5 c5 4. Nf3 cxd4 5. Nxd4 e6 6. c4 {B12: Caro-Kann: Advance Variation} Nc6 7. Nc3 Bb4 8. Nxc6 {The position is equal.} Bxc3+ (8... bxc6 $11 9. cxd5 exd5) (8... bxc6 9. Qa4 a5 10. cxd5 Qxd5 11. Qxb4 axb4 12. Nxd5 exd5 13. Be3 {1-0 (28) Jones,G (2702)-Cheparinov,I (2667) Hengshui 2019}) 9. bxc3 $16 bxc6 10. Qg4 $146 ({Predecessor:} 10. Qa4 Bd7 11. Be3 Qc7 12. f4 {½-½ (28) Pinter,E (2379)-Petran,P (2277) Tatranske Zruby 2012}) 10... Qa5 {[#]} 11. Bd2 $1 Kf8 12. Be2 $36 {[%mdl 2048] White is on the roll.} Ba6 {[#]} 13. O-O (13. cxd5 $1 $16 cxd5 14. c4) 13... Ne7 14. Rfd1 Qa4 15. Be3 {Black must now prevent Bc5.} Qa5 16. Rab1 (16. Bd3 {with more complications.} h5 17. Qd4 Kg8 18. Bg5 dxc4 19. Bh7+) 16... Nf5 17. cxd5 Nxe3 $2 (17... h5 $14 18. Qg5 (18. Qf3 Nh4 $11) 18... cxd5 19. Bxa6 (19. Bxh5 Nxe3 20. fxe3 Qc7 $14) 19... Qxa6) 18. fxe3 $18 {aiming for Rf1!} Bxe2 19. Qxe2 cxd5 20. Rb7 {White wants to mate with Qf3!} Qxc3 $2 (20... Kg8 $18 21. e4 Qc5+ 22. Qf2 Qxf2+ 23. Kxf2 dxe4 24. Rxa7 Rb8) 21. Qf3 {[%csl Gb7][%cal Rf3f7] White mates.} f5 22. exf6 g6 23. Qf4 {Accuracy: White = 36%, Black = 20%.} 1-0

[Event "Gibraltar Challengers B 2020"]
[Site "Caleta"]
[Date "2020.01.29"]
[Round "5.18"]
[White "Manukonda Arun"]
[Black "Godoy Olazabal, Artur"]
[Result "1-0"]
[WhiteElo "1959"]
[BlackElo "2154"]
[Annotator "TA"]
[PlyCount "57"]
[EventDate "2020.01.20"]
[EventType "swiss"]
[EventCountry "GGB"]
[SourceTitle "playchess.com"]
[Source "ChessBase"]
[SourceQuality "1"]

{[%evp 12,57,101,67,64,56,59,46,58,49,45,44,279,18,18,18,18,14,18,18,31,27,41,14,14,14,14,14,14,14,14,14,14,14,14,0,6,0,20,13,102,102,104,104,103,106,104,96]} 1. d4 Nf6 2. c4 e5 3. dxe5 Ng4 4. Bf4 Nc6 5. Nf3 Bc5 6. e3 Qe7 7. Be2 (7. a3 {is more complex.} Ncxe5 8. Nc3 c6 9. Nxe5 Nxe5 10. b4) 7... Ngxe5 {A52: Budapest Gambit} 8. O-O (8. Nd4 {with more complications.} O-O 9. Nc3 d6 10. O-O Qd8 11. a3) 8... Nxf3+ 9. Bxf3 Ne5 {White is slightly better.} 10. Be2 d6 (10... O-O 11. Nc3 d6 12. Nd5 Qd8 13. Rc1 a5 {½-½ (12) Varga,Z (2451)-Flumbort,A (2503) Budapest 2012}) 11. Nc3 {Hoping for Nd5.} Be6 $2 {[#]} (11... a5 $14) 12. Nd5 $2 (12. b4 $1 $18 {[%mdl 512]}) 12... Bxd5 $1 $11 13. Qxd5 c6 $146 ({Predecessor:} 13... O-O 14. b3 c6 15. Qd2 a5 16. a3 {1-0 (36) Kokeza,M (2270)-Vico,M (2141) Sutomore 2004}) 14. Qe4 O-O 15. Qf5 Ng6 16. Bd3 Qe6 17. Bg3 Qxf5 18. Bxf5 Ne5 19. Rac1 g6 20. Bb1 f6 21. a3 a5 22. Rfd1 Ra6 23. Ba2 Rb6 24. Rc2 Kf7 25. Rxd6 Ke7 (25... Bxd6 $11 26. c5+ {[%mdl 64] Double Attack} Ke7 27. cxb6 Nd7) 26. Rd1 $16 {White is better.} Rd8 27. Rxd8 Kxd8 28. Kf1 Ke7 29. Ke2 {Accuracy: White = 45%, Black = 48%.} 1-0

[Event "Gibraltar Challengers B 2020"]
[Site "Caleta"]
[Date "2020.01.29"]
[Round "5.19"]
[White "Voiteanu, Gabriel"]
[Black "Maldonado Mena, German"]
[Result "1/2-1/2"]
[WhiteElo "2133"]
[BlackElo "1946"]
[Annotator "ChessBase"]
[PlyCount "144"]
[EventDate "2020.01.20"]
[EventType "swiss"]
[EventCountry "GGB"]
[SourceTitle "playchess.com"]
[Source "ChessBase"]
[SourceQuality "1"]
[TimeControl "6600+10"]

1. d4 {[%emt 0:02:29]} d5 {[%emt 0:00:00]} 2. c4 {[%emt 0:00:13]} e6 {[%emt 0:00:04]} 3. Nf3 {[%emt 0:00:12]} a6 {[%emt 0:00:07]} 4. g3 {[%emt 0:03:06]} dxc4 {[%emt 0:00:13]} 5. Bg2 {[%emt 0:00:11]} b5 {[%emt 0:00:07]} 6. O-O {[%emt 0:00:24]} Bb7 {[%emt 0:00:14]} 7. a4 {[%emt 0:00:58]} Nf6 {[%emt 0:01:59]} 8. Bg5 {[%emt 0:04:09]} Be7 {[%emt 0:03:50]} 9. b3 {[%emt 0:02:17]} cxb3 {[%emt 0:03:38]} 10. axb5 {[%emt 0:00:18]} axb5 {[%emt 0:11:27]} 11. Rxa8 {[%emt 0:00:26]} Bxa8 {[%emt 0:00:08]} 12. Qxb3 {[%emt 0:00:07]} b4 {[%emt 0:05:11]} 13. Bxf6 {[%emt 0:02:52]} gxf6 {[%emt 0:01:54]} 14. Rc1 {[%emt 0:03:46]} Bd5 {[%emt 0:02:01]} 15. Qc2 {[%emt 0:01:58]} b3 {[%emt 0:25:59]} 16. Qd3 {[%emt 0:08:09]} Nc6 {[%emt 0:20:35]} 17. e4 {[%emt 0:04:18]} Nb4 {[%emt 0:00:07]} 18. Qb5+ {[%emt 0:03:19]} c6 {[%emt 0:00:06]} 19. Qe2 {[%emt 0:00:33]} b2 {[%emt 0:00:05]} 20. Rc3 {[%emt 0:04:35]} Ba2 {[%emt 0:07:12]} 21. Qxb2 {[%emt 0:00:42]} e5 {[%emt 0:01:53]} 22. Nbd2 {[%emt 0:05:21]} exd4 {[%emt 0:02:22]} 23. Ra3 {[%emt 0:00:08]} Be6 {[%emt 0:00:04]} 24. Nxd4 {[%emt 0:02:05]} Nc2 {[%emt 0:00:08]} 25. Nxc2 {[%emt 0:08:17]} Qxd2 {[%emt 0:00:34]} 26. Ra8+ {[%emt 0:06:31]} Bd8 {[%emt 0:00:25]} 27. Qd4 {[%emt 0:11:59]} Qxd4 {[%emt 0:02:17]} 28. Nxd4 {[%emt 0:00:01]} Kd7 {[%emt 0:02:08]} 29. Bf1 {[%emt 0:07:46]} Re8 {[%emt 0:02:13]} 30. Ra6 {[%emt 0:02:56]} f5 {[%emt 0:00:53]} 31. Rxc6 {[%emt 0:14:23]} fxe4 {[%emt 0:00:52]} 32. Bb5 {[%emt 0:00:05]} Ke7 {[%emt 0:00:09]} 33. Rxe6+ {[%emt 0:01:45]} fxe6 {[%emt 0:00:05]} 34. Bxe8 {[%emt 0:00:02]} Bb6 {[%emt 0:00:19]} 35. Nb5 {[%emt 0:01:26]} Kxe8 {[%emt 0:00:27]} 36. Nd6+ {[%emt 0:00:03]} Kd7 {[%emt 0:00:22]} 37. Nxe4 {[%emt 0:00:02]} Bd8 {[%emt 0:02:49]} 38. g4 {[%emt 0:01:19]} e5 {[%emt 0:00:38]} 39. Nc5+ {[%emt 0:01:14]} Kc6 {[%emt 0:01:29]} 40. Ne4 {[%emt 0:00:03]} Kd5 {[%emt 0:00:56]} 41. f3 {[%emt 0:00:05]} Kd4 {[%emt 0:00:28]} 42. Kg2 {[%emt 0:00:24]} Kd5 {[%emt 0:01:15]} 43. Kg3 {[%emt 0:00:30]} Ke6 {[%emt 0:00:12]} 44. h4 {[%emt 0:00:05]} h6 {[%emt 0:02:03]} 45. h5 {[%emt 0:00:29]} Be7 {[%emt 0:00:04]} 46. Kf2 {[%emt 0:01:43]} Bh4+ {[%emt 0:01:17]} 47. Kg2 {[%emt 0:00:44]} Be7 {[%emt 0:00:14]} 48. Kg3 {[%emt 0:00:05]} Bd8 {[%emt 0:00:15]} 49. g5 {[%emt 0:00:54]} hxg5 {[%emt 0:04:33]} 50. Kg4 {[%emt 0:00:17]} Kf7 {[%emt 0:00:23]} 51. Nxg5+ {[%emt 0:00:48]} Kf6 {[%emt 0:00:08]} 52. Ne4+ {[%emt 0:00:31]} Kg7 {[%emt 0:00:07]} 53. Nd6 {[%emt 0:00:59]} Kf6 {[%emt 0:00:39]} 54. Ne4+ {[%emt 0:00:38]} Kg7 {[%emt 0:00:12]} 55. Kf5 {[%emt 0:00:05]} Bc7 {[%emt 0:00:02]} 56. Nc5 {[%emt 0:00:15]} Kh6 {[%emt 0:00:11]} 57. Kg4 {[%emt 0:00:03]} Bd6 {[%emt 0:00:10]} 58. Ne4 {[%emt 0:00:03]} Bc7 {[%emt 0:00:01]} 59. Ng3 {[%emt 0:00:02]} Kg7 {[%emt 0:00:06]} 60. Nf5+ {[%emt 0:00:15]} Kf6 {[%emt 0:00:05]} 61. Ne3 {[%emt 0:00:09]} Kg7 {[%emt 0:00:13]} 62. Nd5 {[%emt 0:00:07]} Bd6 {[%emt 0:00:07]} 63. Kf5 {[%emt 0:00:01]} Kh6 {[%emt 0:00:03]} 64. Nf6 {[%emt 0:00:08]} Bc7 {[%emt 0:00:11]} 65. Ke6 {[%emt 0:00:13]} Kg5 {[%emt 0:00:14]} 66. Ne8 {[%emt 0:00:19]} Bb8 {[%emt 0:00:21]} 67. Nf6 {[%emt 0:00:23]} Bc7 {[%emt 0:00:01]} 68. Ke7 {[%emt 0:00:16]} Ba5 {[%emt 0:01:01]} 69. Ke6 {[%emt 0:00:12]} Bc7 {[%emt 0:00:01]} 70. Nd7 {[%emt 0:00:09]} Kxh5 {[%emt 0:00:12]} 71. Nxe5 {[%emt 0:00:01]} Kg5 {[%emt 0:00:02]} 72. f4+ {[%emt 0:00:02]} Kxf4 {[%emt 0:00:04]} 1/2-1/2

[Event "Gibraltar Challengers B 2020"]
[Site "Caleta"]
[Date "2020.01.29"]
[Round "5.20"]
[White "Bengherabi, Khalil"]
[Black "Adewole, Adeyinka"]
[Result "0-1"]
[WhiteElo "2106"]
[BlackElo "1941"]
[Annotator "ChessBase"]
[PlyCount "60"]
[EventDate "2020.01.20"]
[EventType "swiss"]
[EventCountry "GGB"]
[SourceTitle "playchess.com"]
[Source "ChessBase"]
[SourceQuality "1"]
[TimeControl "6600+10"]

1. e4 {[%emt 0:00:00]} e6 {[%emt 0:19:48]} 2. d3 {[%emt 0:01:37]} g6 {[%emt 0:00:27]} 3. Nf3 {[%emt 0:00:35]} Bg7 {[%emt 0:00:25]} 4. g3 {[%emt 0:00:13]} c5 {[%emt 0:00:45]} 5. Bg2 {[%emt 0:00:08]} Nc6 {[%emt 0:00:06]} 6. O-O {[%emt 0:00:09]} Nge7 {[%emt 0:00:10]} 7. Nbd2 {[%emt 0:00:19]} O-O {[%emt 0:00:19]} 8. c3 {[%emt 0:00:15]} d5 {[%emt 0:00:19]} 9. Qe2 {[%emt 0:00:49]} a5 {[%emt 0:00:33]} 10. a4 {[%emt 0:04:27]} b6 {[%emt 0:00:10]} 11. Re1 {[%emt 0:01:26]} Ba6 {[%emt 0:00:31]} 12. exd5 {[%emt 0:02:44]} Nxd5 {[%emt 0:01:36]} 13. Ne4 {[%emt 0:04:03]} h6 {[%emt 0:01:41]} 14. c4 {[%emt 0:08:57]} Ndb4 {[%emt 0:02:54]} 15. Rd1 {[%emt 0:00:10]} Bb7 {[%emt 0:02:15]} 16. Be3 {[%emt 0:01:56]} Qd7 {[%emt 0:05:54]} 17. Nc3 {[%emt 0:03:57]} Rad8 {[%emt 0:04:16]} 18. Nb5 {[%emt 0:13:01]} e5 {[%emt 0:02:29]} 19. Ne1 {[%emt 0:02:21]} Nd4 {[%emt 0:02:15]} 20. Nxd4 {[%emt 0:04:42]} exd4 {[%emt 0:00:26]} 21. Bd2 {[%emt 0:01:48]} Bxg2 {[%emt 0:03:21]} 22. Nxg2 {[%emt 0:01:23]} Rfe8 {[%emt 0:00:57]} 23. Qf1 {[%emt 0:00:33]} Nc2 {[%emt 0:04:20]} 24. Rac1 {[%emt 0:00:00]} Qxa4 {[%emt 0:00:15]} 25. Ne1 {[%emt 0:00:37]} Nxe1 {[%emt 0:00:19]} 26. Rxe1 {[%emt 0:00:08]} Qb3 {[%emt 0:00:26]} 27. Rb1 {[%emt 0:00:37]} Qc2 {[%emt 0:00:41]} 28. Red1 {[%emt 0:04:37]} g5 {[%emt 0:00:14]} 29. Be1 {[%emt 0:01:57]} Re6 {[%emt 0:00:46]} 30. Rd2 {[%emt 0:00:19]} Qxb1 {[%emt 0:00:21]} 0-1

[Event "Gibraltar Challengers B 2020"]
[Site "Caleta"]
[Date "2020.01.29"]
[Round "5.21"]
[White "Mao, Yingzhou"]
[Black "Omovie Ejenavi"]
[Result "0-1"]
[WhiteElo "1948"]
[BlackElo "2089"]
[Annotator "NA RC"]
[PlyCount "138"]
[EventDate "2020.01.20"]
[EventType "swiss"]
[EventCountry "GGB"]
[SourceTitle "playchess.com"]
[Source "ChessBase"]
[SourceQuality "1"]
[TimeControl "6600+10"]

{[%evp 12,128,18,32767,32767,32767,32767,32767,32767,32767,32767,32767,32767,18,22,32767,32767,32767,32767,32767,32767,32767,32767,-57,32767,32767,32767,32767,32767,32767,-8,-6,-14,-3,0,0,0,32767,-17,-73,-54,-67,-66,-138,-165,-143,-148,-143,-164,-185,-190,-193,-217,-189,-200,-247,-174,-235,-183,32767,32767,32767,-129,32767,-149,32767,32767,-291,-199,-451,-75,-68,32767,32767,32767,32767,-99,32767,-122,-123,-89,-127,-124,-166,-164,-179,-190,32767,32767,32767,32767,32767,32767,32767,32767,32767,32767,-435,-513,-468,-528,-543,-669,-854,32767,-866,32767,32767,-1038,-758,32767,-29990,32767,32767,32767,-29992,-29993,32767,-2075]} 1. d4 {[%emt 0:00:00]} d5 {[%emt 0:00:00]} 2. c4 {[%emt 0:00:01]} e6 {[%emt 0:00:03]} 3. g3 {[%emt 0:00:04]} Nf6 {[%emt 0:00:06]} 4. Bg2 {[%emt 0:00:04]} Be7 {[%emt 0:00:07]} 5. Nf3 {[%emt 0:00:06]} O-O {[%emt 0:00:08]} 6. O-O {[%emt 0:00:11]} Nbd7 {[%emt 0:00:24]} 7. Nbd2 {[%emt 0:02:12]} c6 {[%emt 0:00:06]} 8. Qc2 {[%emt 0:00:44]} b5 {[%emt 0:00:53] E09: Closed Catalan: Main Line: 7 Qc2 c6 8 Nbd2} (8... b6 9. e4 dxc4 10. Nxc4 Bb7 11. e5 Nd5 12. Bd2 Rc8 13. Qe4 b5 14. Na5 Ba8 15. Qg4 g6 16. Nb3 h5 17. Qe4 c5 18. dxc5 {½-½ (21) Wang,H (2737)-Fedoseev,V (2680) Poikovsky 2019}) 9. cxb5 {[%emt 0:10:41]} cxb5 {[%emt 0:00:06]} 10. Qc6 {[%emt 0:04:07]} Rb8 {[%emt 0:00:38]} 11. Nb3 {[%emt 0:01:23]} Rb6 $146 {[%emt 0:01:09]} ({Predecessor:} 11... a6 12. Bf4 Bb7 13. Qc7 Qxc7 14. Bxc7 Rbc8 15. Rac1 Ne8 16. Bf4 {½-½ (31) Piyumantha,M (2032)-Tuomainen,F (2214) Tarvisio 2017}) 12. Qc2 {[%emt 0:00:16]} Bb7 {[%emt 0:02:49]} 13. Bd2 {[%emt 0:12:10]} Rc6 {[%emt 0:01:17]} 14. Qd3 {[%emt 0:03:07]} b4 {[%emt 0:00:56]} 15. Ne5 {[%emt 0:08:24]} Nxe5 {[%emt 0:01:40]} 16. dxe5 {[%emt 0:00:02]} Nd7 {[%emt 0:00:06]} 17. Qd4 {[%emt 0:04:27]} a5 {[%emt 0:12:34]} 18. Qa7 {[%emt 0:02:20]} Qa8 {[%emt 0:09:07]} 19. Qxa8 {[%emt 0:27:19]} Rxa8 {[%emt 0:00:11]} 20. f4 {[%emt 0:00:41]} a4 {[%emt 0:14:05]} (20... Rc2 $17 21. Rfc1 Rac8 22. Nxa5 Ba6) 21. Nd4 {[%emt 0:01:26]} Rc4 {[%emt 0:02:10]} 22. e3 {[%emt 0:01:23]} Bc5 {[%emt 0:00:17]} 23. Rac1 {[%emt 0:02:22]} Ba6 {[%emt 0:00:38]} 24. Rfd1 {[%emt 0:01:49]} Bxd4 {[%emt 0:01:29]} 25. Rxc4 {[%emt 0:01:04]} Bxe3+ {[%emt 0:00:32]} ({Much weaker is} 25... Bxc4 26. exd4 b3 27. a3 $11) 26. Bxe3 {[%emt 0:00:03]} Bxc4 {[%emt 0:00:06]} 27. a3 {[%emt 0:00:19]} (27. Rc1 $15 Bxa2 28. Rc7) 27... bxa3 {[%emt 0:00:15]} 28. bxa3 {[%emt 0:00:01]} Rb8 {[%emt 0:00:14]} 29. Bd2 {[%emt 0:00:30]} Nc5 {[%emt 0:00:23]} 30. Bb4 {[%emt 0:00:12] [#]} Nd3 $1 {[%emt 0:00:09]} 31. Bd6 {[%emt 0:00:23] [#]} Rb3 $1 {[%emt 0:01:10]} 32. Ra1 {[%emt 0:00:36]} h6 {[%emt 0:00:17]} 33. Bf3 {[%emt 0:00:47]} Rb2 {[%emt 0:00:28]} 34. Rd1 {[%emt 0:01:49]} (34. h4 $17 {keeps fighting.}) 34... Rc2 {[%emt 0:03:31]} 35. Rb1 {[%emt 0:02:29]} Bb3 {[%emt 0:03:17]} 36. Bd1 {[%emt 0:01:10]} Rc3 {[%emt 0:00:12]} 37. Be2 {[%emt 0:00:17]} Nc1 {[%emt 0:04:01]} 38. Bb5 {[%emt 0:04:26]} Rc2 {[%emt 0:01:04]} 39. Bb4 {[%emt 0:02:47]} Na2 {[%emt 0:00:26]} 40. Bd3 $2 {[%emt 0:01:05]} (40. Ra1) 40... Rc8 $2 {[%emt 0:09:07]} (40... Nxb4 $19 41. axb4 Rc3) 41. Bd2 {[%emt 0:00:27]} Bc2 {[%emt 0:03:17]} 42. Rb2 {[%emt 0:00:28]} Bxd3 {[%emt 0:00:07]} 43. Rxa2 {[%emt 0:00:01]} Kh7 {[%emt 0:00:32]} 44. Kf2 {[%emt 0:00:10]} Kg6 {[%emt 0:00:59]} 45. Ke3 {[%emt 0:00:27]} Bc4 {[%emt 0:00:13]} 46. Rb2 {[%emt 0:00:18]} Bb3 {[%emt 0:00:03]} 47. Rb1 {[%emt 0:01:09]} Rc2 {[%emt 0:00:17]} 48. h3 {[%emt 0:00:30]} Ra2 {[%emt 0:00:20]} 49. Bb4 {[%emt 0:00:10]} Rh2 {[%emt 0:00:15]} 50. h4 {[%emt 0:01:20]} Kf5 {[%emt 0:00:44]} 51. Kf3 {[%emt 0:00:21]} h5 {[%emt 0:00:13]} 52. Rc1 {[%emt 0:00:33]} Bc4 {[%emt 0:00:10]} 53. Be1 {[%emt 0:00:21]} f6 {[%emt 0:01:09]} 54. exf6 $2 {[%emt 0:02:38]} (54. Bf2 {was worth a try.}) 54... gxf6 {[%emt 0:00:09]} 55. Bb4 {[%emt 0:00:35]} e5 {[%emt 0:00:25]} 56. fxe5 {[%emt 0:00:07]} fxe5 {[%emt 0:00:06]} 57. Bd6 {[%emt 0:00:24]} d4 {[%emt 0:05:09]} 58. g4+ {[%emt 0:02:26]} hxg4+ {[%emt 0:02:08]} 59. Kg3 {[%emt 0:00:01]} Rh3+ {[%emt 0:00:37]} 60. Kf2 {[%emt 0:00:01]} Bd5 {[%emt 0:00:29]} 61. Rc5 {[%emt 0:00:18]} Ke4 {[%emt 0:00:39]} 62. Be7 {[%emt 0:00:04]} Rxa3 {[%emt 0:00:30]} 63. Ra5 {[%emt 0:00:15]} g3+ {[%emt 0:00:18]} 64. Kg2 {[%emt 0:00:10]} Re3 $19 {[%emt 0:02:22]} (64... Kf4+ $142 65. Rxd5 Ra2+ 66. Kf1 g2+ 67. Kg1 Kg3 68. Rxe5 Ra1+ 69. Re1 Rxe1#) 65. h5 {[%emt 0:00:31]} d3 {[%emt 0:00:21]} 66. Rxa4+ {[%emt 0:00:02]} Kf5+ {[%emt 0:00:11]} 67. Kh3 {[%emt 0:00:37]} d2 {[%emt 0:00:54]} 68. Ra1 {[%emt 0:02:12]} g2+ {[%emt 0:00:26]} 69. Kh2 {[%emt 0:00:07]} Re1 {[%emt 0:00:27]} 0-1

[Event "Gibraltar Challengers B 2020"]
[Site "Caleta"]
[Date "2020.01.29"]
[Round "5.22"]
[White "Perez Ruiz, Santiago"]
[Black "Stolniceanu, Victor-Dumitru"]
[Result "1-0"]
[WhiteElo "1953"]
[BlackElo "2074"]
[Annotator "NA RC"]
[PlyCount "101"]
[EventDate "2020.01.20"]
[EventType "swiss"]
[EventCountry "GGB"]
[SourceTitle "playchess.com"]
[Source "ChessBase"]
[SourceQuality "1"]
[TimeControl "6600+10"]

1. d4 {[%emt 0:00:00]} d5 {[%emt 0:02:55]} 2. Nf3 {[%emt 0:00:16]} Nc6 {[%emt 0:00:09]} 3. Bf4 {[%emt 0:01:39]} Bg4 {[%emt 0:00:10]} 4. e3 {[%emt 0:01:44]} a6 {[%emt 0:00:33]} 5. c4 {[%emt 0:00:42]} e6 {[%emt 0:00:13]} 6. cxd5 {[%emt 0:03:46] D02: 1 d4 d5 2 Nf3 sidelines, including 2...Nf6 3 g3 and 2...Nf6 3 Bf4} exd5 {[%emt 0:00:55]} 7. Nc3 {[%emt 0:01:53]} Nf6 {[%emt 0:00:42]} 8. Qb3 $146 {[%emt 0:02:20]} ({Predecessor:} 8. Be2 h6 9. h3 Be6 10. Rc1 Bd6 11. Ne5 Bxe5 12. dxe5 Nd7 13. Nxd5 O-O 14. O-O Ndxe5 15. Bxe5 Qxd5 16. Qxd5 Bxd5 17. Bxc7 {0-1 (55) Payen,A (2318)-Miladinovic,I (2572) Monastir 2013}) 8... b5 {[%emt 0:00:54]} 9. Ne5 {[%emt 0:03:36]} Na5 {[%emt 0:00:11]} 10. Qc2 {[%emt 0:02:56]} Be6 {[%emt 0:01:43]} 11. Be2 {[%emt 0:03:58]} Bd6 {[%emt 0:00:17]} 12. O-O {[%emt 0:00:45]} O-O {[%emt 0:00:06]} 13. Rac1 {[%emt 0:04:00]} Rc8 {[%emt 0:00:09]} 14. a4 {[%emt 0:12:05]} c6 {[%emt 0:02:44]} 15. Nd3 {[%emt 0:13:30]} Bf5 {[%emt 0:03:09]} 16. Bxd6 {[%emt 0:01:09]} Qxd6 {[%emt 0:00:15]} 17. Qd1 {[%emt 0:00:21]} Bxd3 {[%emt 0:01:12]} 18. Bxd3 {[%emt 0:00:48]} Qb4 {[%emt 0:00:54]} 19. Rb1 {[%emt 0:12:31]} Rfe8 {[%emt 0:01:13]} 20. h3 {[%emt 0:04:16]} g6 {[%emt 0:00:11]} 21. Qe1 {[%emt 0:05:48]} Kg7 {[%emt 0:01:05]} 22. Qd1 {[%emt 0:00:28]} (22. b3 $5) 22... Re6 {[%emt 0:00:22]} 23. Bc2 {[%emt 0:01:34]} Nc4 {[%emt 0:00:23]} 24. Na2 {[%emt 0:00:59]} Qa5 {[%emt 0:01:06]} 25. b4 {[%emt 0:00:42]} Qc7 {[%emt 0:00:25]} 26. a5 {[%emt 0:00:30]} Rce8 {[%emt 0:00:18]} 27. Nc1 {[%emt 0:01:18]} Qe7 {[%emt 0:00:44]} 28. Rb3 {[%emt 0:03:46]} Nh5 {[%emt 0:02:11]} 29. Re1 {[%emt 0:05:01]} f5 {[%emt 0:00:13]} 30. Bxf5 {[%emt 0:01:28]} Rf6 {[%emt 0:01:08]} (30... gxf5 $11 31. Qxh5 f4) 31. Bd3 {[%emt 0:02:39]} ({White should try} 31. Bg4 $16) 31... Nf4 {[%emt 0:00:17]} (31... Ref8 $11 {keeps the balance.} 32. Bxc4 bxc4) 32. Bf1 {[%emt 0:00:23]} Re6 {[%emt 0:01:10]} 33. Nd3 {[%emt 0:05:24]} Nxe3 $2 {[%emt 0:03:48]} (33... Nxd3 $16 34. Bxd3 (34. Qxd3 Rf8 $14) 34... Kg8) 34. Rxe3 {[%emt 0:02:03]} Rxe3 {[%emt 0:00:34]} 35. fxe3 {[%emt 0:00:27]} Qxe3+ {[%emt 0:00:08]} 36. Nf2 {[%emt 0:00:13]} Qe1 {[%emt 0:01:18]} 37. Qxe1 {[%emt 0:02:26]} Rxe1 {[%emt 0:00:02]} 38. Nd3 $18 {[%emt 0:00:08]} Nxd3 {[%emt 0:01:29]} 39. Rxd3 {[%emt 0:00:10]} Rb1 {[%emt 0:00:04]} 40. Rc3 {[%emt 0:00:24]} Rxb4 {[%emt 0:00:58]} 41. Rxc6 {[%emt 0:00:06]} Rxd4 {[%emt 0:00:42]} 42. Rxa6 {[%emt 0:00:09]} b4 {[%emt 0:00:45]} 43. Rb6 {[%emt 0:00:09]} Rd1 {[%emt 0:00:26]} 44. Rxb4 {[%emt 0:01:14]} Ra1 {[%emt 0:00:11]} 45. a6 {[%emt 0:00:13]} Kf6 {[%emt 0:00:12]} 46. Kf2 {[%emt 0:00:36]} Ke5 {[%emt 0:00:05]} 47. Bd3 {[%emt 0:00:40]} Kd6 {[%emt 0:01:14]} 48. Rb7 {[%emt 0:00:13]} h5 {[%emt 0:00:13]} 49. Rb6+ {[%emt 0:00:32]} Kc5 {[%emt 0:00:06]} 50. Rxg6 {[%emt 0:00:11]} Kd4 {[%emt 0:00:29]} 51. Be2 {[%emt 0:00:14]} 1-0

[Event "Gibraltar Challengers B 2020"]
[Site "Caleta"]
[Date "2020.01.29"]
[Round "5.23"]
[White "Pakmor, Claus"]
[Black "Ungureanu, Sandu"]
[Result "0-1"]
[WhiteElo "1937"]
[BlackElo "2066"]
[Annotator "NA"]
[PlyCount "46"]
[EventDate "2020.01.20"]
[EventType "swiss"]
[EventCountry "GGB"]
[SourceTitle "playchess.com"]
[Source "ChessBase"]
[SourceQuality "1"]
[TimeControl "6600+10"]

1. e4 {[%emt 0:00:00]} c6 {[%emt 0:00:00]} 2. d4 {[%emt 0:00:00]} d5 {[%emt 0:00:03]} 3. e5 {[%emt 0:00:06]} e6 {[%emt 0:01:00]} 4. f4 {[%emt 0:01:06]} (4. c4 c5 5. dxc5 Bxc5 6. Qg4 g6 7. Nf3 Nc6 8. Be2 f6 9. exf6 Nxf6 10. Qh4 O-O 11. O-O Ne4 12. Qxd8 Rxd8 {½-½ (27) Smirin,I (2676)-Guliev,S (2500) Baku 2011}) 4... c5 {[%emt 0:00:10]} 5. c3 {[%emt 0:00:07]} Nc6 {[%emt 0:00:10]} 6. Nf3 {[%emt 0:00:17] B12: Caro-Kann: Advance Variation} Qb6 {[%emt 0:00:05]} 7. Qb3 $146 {[%emt 0:06:57]} ({Predecessor:} 7. b3 Bd7 8. Be2 Nh6 9. Be3 Nf5 10. Bf2 cxd4 11. cxd4 {0-1 (35) Fatima,J (1587)-AbuMengel,H (1563) Batumi 2018}) 7... Qxb3 {[%emt 0:01:25]} 8. axb3 {[%emt 0:00:03]} cxd4 {[%emt 0:00:11]} 9. cxd4 {[%emt 0:00:11]} Bb4+ {[%emt 0:03:17]} 10. Bd2 {[%emt 0:02:21]} Nge7 {[%emt 0:00:28]} 11. Bd3 {[%emt 0:01:36]} O-O {[%emt 0:01:01]} 12. Na3 {[%emt 0:09:07]} f6 {[%emt 0:02:34]} 13. Nc2 {[%emt 0:03:05]} Bxd2+ {[%emt 0:00:28]} 14. Kxd2 {[%emt 0:00:17]} fxe5 {[%emt 0:00:16]} 15. fxe5 {[%emt 0:00:07]} Bd7 {[%emt 0:00:44]} 16. b4 {[%emt 0:15:04]} a6 {[%emt 0:00:47]} 17. b5 {[%emt 0:04:04]} axb5 {[%emt 0:03:01]} 18. Bxb5 {[%emt 0:00:12]} Nxe5 {[%emt 0:00:22]} 19. Be2 {[%emt 0:03:38]} ({White should play} 19. Rxa8 $15 Rxa8 20. Bxd7 Nxd7 21. Re1) 19... Nxf3+ {[%emt 0:00:33]} 20. Bxf3 {[%emt 0:00:09]} Nf5 {[%emt 0:00:20]} 21. Rxa8 {[%emt 0:07:18]} Rxa8 {[%emt 0:00:09]} 22. g3 {[%emt 0:00:09]} Rc8 {[%emt 0:00:25]} 23. b3 $2 {[%emt 0:00:29] [#]} (23. Bd1 $17) 23... Rxc2+ $19 {[%emt 0:00:13] Remove Defender} 0-1